Statistiques concernant Focus sur: Godric Gryffondor - Harry Potter

Cliquez ici pour prendre le quiz!

Statistiques générales

  • Ce quiz a été pris 248 fois
  • Le résultat moyen est 6 sur 7

Statistiques - réponses

Informations recherchéesRéponses% Correct
Maison "fréquentée"Gryffondor
99%
Ecole "fréquentée"Poudlard
97%
Statut du sangSang-Pur
95%
ReliqueÉpée
90%
Première mentionHarry Potter et la Chambre des Secrets
90%
ProfessionFondateur de Poudlard
80%
Créature représentativeGriffon
39%

Distribution des résultats

Percentile par nombre de réponses

% des personnes avec chaque résultat

Votre développement - résultats

Vous n’avez pas pris ce quiz